Comuni della Provincia di Crotone - Statistics

Statistiche generali
  • Questo quiz è stato fatto 22 volte
  • Il punteggio medio è 14 su 27
Statistiche sulle risposte
Comune % Corretto
Crotone
93%
Cutro
87%
Cirò
80%
Caccuri
67%
Cotronei
67%
Isola di Capo Rizzuto
67%
Strongoli
67%
Casabona
60%
Cirò Marina
60%
Mesoraca
60%
Carfizzi
53%
Petilia Policastro
53%
Santa Severina
53%
Belvedere di Spinello
47%
Crucoli
47%
Melissa
47%
Scandale
47%
Verzino
47%
Castelsilano
40%
Cerenzia
40%
Rocca di Neto
40%
San Mauro Marchesato
40%
Savelli
40%
Pallagorio
33%
Roccabernarda
33%
San Nicola dell'Alto
33%
Umbriatico
33%
Nessun quiz corrispondente trovato
Distribuzione punteggi
Percentuale di utenti per punteggio
Percentile per numero di risposta
I tuoi punteggi nel tempo
Non hai fatto questo quiz